000 00443cam a2200181ua 4500
041 _aeng
_h
082 _a823.301
_bBOR/DO
100 _aBorer, Mary Eathcart .
245 _aDon Quixote /
_cMary Eathcart Borer.
_hTextual Documents
250 _a1 /
_b.
260 _aLondon :
_bLongaman Green and Co ,
_c1966.
300 _a119 ; .
504 _a
942 _cBK
999 _c2482
_d2482